000 00587cam a2200145 a 4500
050 0 0 _aTD511
_b.F45 1981
100 1 _aFeachem Richard G.
245 1 0 _aAppropriate technology for water supply and sanitation.
_bHealth Aspects of Excreta and Sullage Management- A state of the Art Review
260 _aWashington, D.C. :
_bThe International Bank of Reconstruction and Development/the world bank,
_cc1980.
300 _aix,318p
500 _aIncludes Bibliography
650 0 _bWater supply and technology
_vbook
_xPBK
700 1 _aDavid J. Bradley, Hemda Garelick, Mara Duncan D.
942 _cGEN
999 _c744
_d744